000 00324nam a2200133Ia 4500
008 190723s9999 xx 000 0 und d
020 _a978-93-325-1868-1
100 _aBernd Bruegge
245 0 _aObject Oriented Software Engineering
250 _a3rd
260 _aChennai
_bPearson
_c2014
300 _a723.:p
942 _cBK
999 _c1774
_d1774